000
00337nam a2200133 4500
999
_c
510824
_d
510824
008
190902b ||||| |||| 00| 0 eng d
100
_a
Bagchi, Amiya Kumar
_9
9414
245
_a
Marx, the digital divide and hegemony
260
_c
2019
300
_a
p.31-44.
773
_a
Social Scientist
906
_a
Marx, Karl
942
_2
ddc
_c
AR